00775cam a22002417a 4500003000500000005001700005008004100022010000900063011000900072035000900081040000900090082001200099100003100111245008300142260010200225300001100327490003700338650001800375650003400393650003400427650003500461830003700496CHAP20220329133335.0971013s1990 r 00010 d a5143 a6115 a5333 cCHAP a572bM600aMódena, María Eugenia. 0aMadres, médicos y curanderosb: diferencia cultural e identidad ideológica aMéxico, D.F. :bCentro de Investigaciones y Estudios Superiores en Antropología Social,c1990 a229 p. 0aEdiciones de la Casa Chatav; 3714aAntropologia.14aIndios de MéxicoxMedicina.14aMujer en comunidades rurales.14aVeracruzxCondiciones rurales.0 aEdiciones de la Casa Chatav; 37